Frontières de l'Italie - Statistiques

Statistiques générales
  • Ce quiz a été pris 177 fois
    101 depuis la dernière actualisation
  • Le résultat moyen est 5 sur 6
Statistiques - réponses
Pays % Correct
France
100%
Suisse
98%
Autriche
90%
Vatican
88%
Slovénie
82%
Saint Marin
80%
Aucun quiz correspondant
Distribution des résultats
% des personnes avec chaque résultat
Percentile par nombre de réponses
Votre historique - résultats
Vous n’avez pas pris ce quiz depuis la dernière actualisation